| 000 | 01424cam a22003374a 4500 | ||
|---|---|---|---|
| 999 |
_c7014 _d7014 |
||
| 001 | 11942202 | ||
| 003 | OSt | ||
| 005 | 20210824143927.0 | ||
| 008 | 000315s2001 enka b 001 0 eng | ||
| 010 | _a 00035647 | ||
| 020 | _a0195131878 (alk. paper) | ||
| 020 | _a0195131886 (pbk. : alk. paper) | ||
| 040 |
_aDLC _cDLC _dDLC |
||
| 042 | _apcc | ||
| 050 | 0 | 0 |
_aQH541.15.S72 _bD47 2001 |
| 082 | 0 | 0 | _a577.7DES 2001 |
| 245 | 0 | 0 |
_aDesign and analysis of ecological experiments / _cedited by Samuel M. Scheiner and Jessica Gurevitch. |
| 250 | _a2nd ed. | ||
| 260 |
_aOxford ; _aNew York : _bOxford University Press, _c2001. |
||
| 300 |
_axvi, 415 p. : _bill. ; _c24 cm. |
||
| 504 | _aIncludes bibliographical references (p. 371-401). | ||
| 650 | 0 |
_aEcology _xStatistical methods. _914392 |
|
| 650 | 0 |
_aExperimental design. _97425 |
|
| 700 | 1 |
_aScheiner, Samuel M., _d1956- _914393 |
|
| 700 | 1 |
_aGurevitch, Jessica. _914394 |
|
| 856 | 4 | 2 |
_3Publisher description _uhttp://www.loc.gov/catdir/enhancements/fy0610/00035647-d.html |
| 856 | 4 | 1 |
_3Table of contents only _uhttp://www.loc.gov/catdir/enhancements/fy0610/00035647-t.html |
| 906 |
_a7 _bcbc _corignew _d1 _eocip _f20 _gy-gencatlg |
||
| 942 |
_2ddc _cO_SHELF |
||